Регионална библиотека "Любен Каравелов" - Русе

Intercultural Interactions (Запис номер 42283)

MARC детайли
000 -Лидер
Контролно поле с фиксирана дължина 01184nam a2200361 c 4500
003 - Код на организацията, давaща контролен номер
Контролно поле BLK
005 - Дата и час на последна редакция
Контролно поле 20180420221352.0
008 - Елементи от данни с фиксирана дължина
fixed length control field 180408b bul|||||r ||||||| ||bul||
010 ## - Наследен системен номер
LC control number KNG00045946000
020 ## - Международен стандартен номер на книга ISBN
Международен стандартен номер на книга ISBN 0-8039-5990-7
-- издат.: SAGE
040 ## - Източник на каталожния запис
Идентификатор на билиотеката - собственик на записа BLK
041 ## - Код за език
Код за езика на текст/звукозапис или на отделно заглавие Немски
Код за езика КДБФ Английски
080 ## - УДК
Текстов определител УДК Отделни езици
УДК код - определител по УДК 811
УДК определител -7:008(072)
УДК - код + определител 811-7:008(072)
100 1# - Редна дума - Автор
Автор Cushner, Kenneth
Авторска отговорност първи автор
R(LIN) 7836
139 ## - Редно поле
Редна дума Cushner, Kenneth
Авторски знак Cus - C 96
245 10 - Сведения за заглавието
Заглавие Intercultural Interactions
Подзаглавни данни A Practical Guide
Редно поле (дума) Kenneth Cushner.
250 ## - Област на изданието
Сведения за изданието 2. Ed
257 ## - Страна на издаване
Страна на създаване/издаване Германия
260 ## - Област на издателските данни
-- Thousand Lake
Име на издателя, разпространителя и проч. SAGE
Година на издаване 1995
300 ## - Физическа характеристика
Страници 365 c
Размери/Мащаб 21 cm
380 ## - Жанр
Жанр Езикознание. Филология
490 1# - СЕРИИ (Колекции)
Име на серия CrossCutural Research and Methodology
№: серия Vol. 9
650 #4 - Допълнително описание по предмет – тема
Основно описание – тема или топоним Чужди езици - странознание - методика на преподаването
9 (RLIN) 278125
653 ## - Ключова дума – ненормативна
Ключова дума чужди езици
653 ## - Ключова дума – ненормативна
Ключова дума методика на преподаването
653 ## - Ключова дума – ненормативна
Ключова дума странознание
653 ## - Ключова дума – ненормативна
Ключова дума култура
852 ## - Местоположение
Форматна сигнатура Цб 207380
856 4# - Електронен адрес и достъп
Електронен формат pdf - файл
Път до файла /url/
856 4# - Електронен адрес и достъп
Електронен формат pdf - файл
Път до файла /url/
942 ## - АРТИКУЛИ
Вид на библиотечния материал Книги
Скрит в OPAC Не
944 ## - СЪЗДАВАНЕ И РЕДАКЦИЯ на ЗАПИСА
Създаване/Редакция Създаване
Дата на регистрацията/редакция 01.01.1999
Служител, извършил регистрацията/редакцията Теодора_Стоянова
944 ## - СЪЗДАВАНЕ И РЕДАКЦИЯ на ЗАПИСА
Създаване/Редакция Редакция
Дата на регистрацията/редакция 06.10.2010
Служител, извършил регистрацията/редакцията
999 ## - СИСТЕМНИ КОНТРОЛНИ НОМЕРА
Koha biblionumber 42283
Koha biblioitemnumber 42283
Наличности
Код за отписване Код за изгубен артикул Код за повреда Коз за рестрикции Код за отдаване Артикулен № Име на библиотеката - собственик Име на библиотеката, в която се намира в момента Статус (Текущо местоположение) Дата на вписване в системата Местоположение - отдел Цена в лева Инвентарен номер Систематично азбучна сигнатура Баркод Номер на екземпляра Цена в евро Служебна бележка Служебен тип на артикула
  Не е изгубен Не е повреден без рестрикции заемане за дома 66152 Регионална библиотека "Любен Каравелов" Русе Регионална библиотека "Любен Каравелов" Русе ЧЧЗО - англ. ез. - Британски съвет 2001-01-01 ЧЧЗО - англ. ез. - Британски съвет 0.00 662133 Ч3 802/809/C96K 662133 1 0.00 Дата инв: 18.03.2015 Бележки инв: Ч32015 Книги
Vip Innovations Ltd, Rousse, Bulgaria 2025